书目信息 |
| 题名: |
困厄中的近代化
|
|
| 作者: | 沈渭滨 著 | |
| 分册: | ||
| 出版信息: | 上海 上海远东出版社 2001 |
|
| 页数: | 311页 | |
| 开本: | 20cm | |
| 丛书名: | 远东文库 | |
| 单 册: | ||
| 中图分类: | K250.7 | |
| 科图分类: | ||
| 主题词: | 中国--历史--1840~1949 , 中国--近代史--研究 | |
| 电子资源: | ||
| ISBN: | 7-80661-442-7 | |
| 000 | 00667nam0 2200229 45 | |
| 001 | 0310251843 | |
| 005 | 20050607170655.4 | |
| 010 | @a7-80661-442-7@dCNY20.00 | |
| 100 | @a20031025d2001 km y0chiy0120 ea | |
| 101 | 0 | @achi |
| 105 | @a z 000yy | |
| 200 | 1 | @a困厄中的近代化@AKun E Zhong De Jin Dai Hua@f沈渭滨著@FShen Wei Bin Zhu |
| 210 | @a上海@c上海远东出版社@d2001 | |
| 215 | @a311页@d20cm | |
| 225 | @a远东文库@i百年中国 | |
| 410 | @12001 @a远东文库 | |
| 606 | 0 | @a中国@x历史@z1840~1949 |
| 606 | 0 | @a中国@x近代史@x研究 |
| 690 | @aK250.7@v4 | |
| 701 | @a沈渭滨@4著 | |
| 801 | @aCN@bTSTC@c20031025 | |
| 905 | @a213230@b327194-198@dK250.7@e129@f5 | |
| 困厄中的近代化/沈渭滨著.-上海:上海远东出版社,2001 |
| 311页;20cm.-(远东文库.百年中国) |
| ISBN 7-80661-442-7:CNY20.00 |
| ● |
| 相关链接 |
|
|
|
|
正题名:困厄中的近代化
索取号:K250.7/129
 
预约/预借
| 序号 | 登录号 | 条形码 | 馆藏地/架位号 | 状态 | 备注 |
| 1 | 0327194 | 203271949 | 第二借阅区/ [索取号:K250.7/129] | 在馆 | |
| 2 | 0327195 | 203271958 | 第二借阅区/ [索取号:K250.7/129] | 在馆 | |
| 3 | 0327196 | 203271967 | 第二借阅区/ [索取号:K250.7/129] | 在馆 | |
| 4 | 0327197 | 203271976 | 第二借阅区/ [索取号:K250.7/129] | 在馆 | |
| 5 | 0327198 | 203271985 | 第二样本阅览室/ [索取号:K250.7/129] | 在馆 |